MARC details
| 000 -CABECERA |
| campo de control de longitud fija |
02338nam a2200361 i 4500 |
| 003 - IDENTIFICADOR DEL NÚMERO DE CONTROL |
| campo de control |
DO-SdBNP |
| 005 - FECHA Y HORA DE LA ÚLTIMA TRANSACCIÓN |
| campo de control |
20260602131214.0 |
| 007 - CAMPO FIJO DE DESCRIPCIÓN FÍSICA--INFORMACIÓN GENERAL |
| campo de control de longitud fija |
ta |
| 008 - DATOS DE LONGITUD FIJA--INFORMACIÓN GENERAL |
| campo de control de longitud fija |
230919b2023 dr ||||| |||| 00| 0 spa d |
| 020 ## - NÚMERO INTERNACIONAL ESTÁNDAR DEL LIBRO |
| Número Internacional Estándar del Libro |
9789945183986 |
| 040 ## - FUENTE DE LA CATALOGACIÓN |
| Centro catalogador/agencia de origen |
DO-SdBNP |
| Lengua de catalogación |
spa |
| Centro/agencia transcriptor |
BNPHU |
| Normas de descripción |
rda |
| 082 #4 - NÚMERO DE LA CLASIFICACIÓN DECIMAL DEWEY |
| Número de clasificación |
320.97293 |
| Número de documento/Ítem |
L925p |
| Número de edición |
22 |
| 100 1# - ENTRADA PRINCIPAL--NOMBRE DE PERSONA |
| Nombre de persona |
Lozano, Wilfredo |
| Fechas asociadas al nombre |
1950- |
| Término indicativo de función/relación |
autor |
| 9 (RLIN) |
7126 |
| 245 13 - MENCIÓN DE TÍTULO |
| Título |
La política del poder : |
| Resto del título |
la crisis de la democracia dominicana en el siglo xxi / |
| Mención de responsabilidad, etc. |
Wilfredo Lozano ; corrección Amara Vera |
| 250 ## - MENCIÓN DE EDICIÓN |
| Mención de edición |
Segunda edición actualizada y corregida |
| 264 #4 - PRODUCCIÓN, PUBLICACIÓN, DISTRIBUCIÓN, FABRICACIÓN Y COPYRIGHT |
| Producción, publicación, distribución, fabricación y copyright |
Santo Domingo : |
| Nombre del de productor, editor, distribuidor, fabricante |
Facultad Latinoamericana de Ciencias Sociales (FLACSO), Programa República Dominicana, |
| Fecha de producción, publicación, distribución, fabricación o copyright |
©2023 |
| 300 ## - DESCRIPCIÓN FÍSICA |
| Extensión |
544 páginas ; |
| Otras características físicas |
ilustraciones ; cuadros, gráficos, |
| Dimensiones |
23 cm. |
| 336 ## - TIPO DE CONTENIDO |
| Fuente |
rdacontent |
| Término de tipo de contenido |
texto |
| Código de tipo de contenido |
txt |
| 337 ## - TIPO DE MEDIO |
| Fuente |
rdamedia |
| Nombre/término del tipo de medio |
sin mediación |
| Código del tipo de medio |
n |
| 338 ## - TIPO DE SOPORTE |
| Número de control del registro de autoridad o número normalizado |
rdacarrier |
| Fuente |
volumen |
| Nombre/término del tipo de soporte |
nc |
| 500 ## - NOTA GENERAL |
| Nota general |
Incluye datos biográficos del autor en las solapas |
| 500 ## - NOTA GENERAL |
| Nota general |
Incluye raferencia bibliográficas y notas al pie de las páginas |
| 500 ## - NOTA GENERAL |
| Nota general |
Incluye índices |
| 504 ## - NOTA DE BIBLIOGRAFÍA, ETC. |
| Nota de bibliografía, etc. |
Bibliografía : páginas, 481-513 |
| 505 ## - NOTA DE CONTENIDO CON FORMATO |
| Nota de contenido con formato |
Segunda edición ampliada revisada. Un libro académico sobre la democracia dominicana, su crisis, los partidos políticos, la política y el gobierno en la República Dominicana desde los años 1990 hasta la actualidad. Wilfredo Lozano es un reconocido sociólogo. Fue galardonado con el Premio Nacional de Ciencias Sociales de la Fundación Corripio. Entre sus publicaciones se encuentran Los trabajadores del capitalismo exportador (2001), Después de los caudillos (2004), Las paradojas de las migraciones: el estado dominicano frente a la inmigración haitiana (2008), La razón democrática: política, desarrollo y clientelismo en la democracia dominicana (2013) y La política del poder: la crisis de la democracia dominicana en el siglo XXI (2017), El reformismo dependiente, política, economía y sociedad en el gobierno de los doce años de Joaquín Balaguer 1966-1978 (1985-2020) |
| 590 ## - NOTA LOCAL (RLIN) |
| Nota local |
Inventariado, 2023/BT |
| 650 #7 - PUNTO DE ACCESO ADICIONAL DE MATERIA--TÉRMINO DE MATERIA |
| Término de materia o nombre geográfico como elemento de entrada |
Democracia |
| 9 (RLIN) |
286 |
| 650 #7 - PUNTO DE ACCESO ADICIONAL DE MATERIA--TÉRMINO DE MATERIA |
| Término de materia o nombre geográfico como elemento de entrada |
Partidos políticos |
| Subdivisión geográfica |
República Dominicana |
| Fuente del encabezamiento o término |
LIBRUNAM |
| 9 (RLIN) |
285 |
| 651 #7 - PUNTO DE ACCESO ADICIONAL DE MATERIA--NOMBRE GEOGRÁFICO |
| Nombre geográfico |
República Dominicana |
| Subdivisión general |
Política y gobierno |
| Subdivisión cronológica |
Siglo XXI |
| Fuente del encabezamiento o término |
LIBRUNAM |
| 9 (RLIN) |
81298 |
| 700 ## - PUNTO DE ACCESO ADICIONAL--NOMBRE DE PERSONA |
| Nombre de persona |
Vera, Aimara, |
| Término indicativo de función/relación |
corrección |
| 9 (RLIN) |
77925 |
| 910 ## - DATOS DE OPCIÓN DEL USUARIO (OCLC) |
| Datos de opción del usuario |
Btavárez |
| 942 ## - ELEMENTOS DE PUNTO DE ACCESO ADICIONAL (KOHA) |
| Fuente del sistema de clasificación o colocación |
Dewey Decimal Classification |
| Tipo de ítem Koha |
Libro |